| 000 | 00803cam a2200241 a 4500 | ||
|---|---|---|---|
| 001 | 15197528 | ||
| 005 | 20121107122938.0 | ||
| 008 | 080228s2009 maua |rb 001 0 eng | ||
| 010 | _a 2008008981 | ||
| 020 | _a9780071263924 (alk. paper) | ||
| 082 | 0 | 0 |
_a657.3 _222 _bSUB |
| 100 | 1 |
_aSubramanyam, K. R. _94981 |
|
| 245 | 1 | 0 |
_aFinancial Statement Analysis / _cK.R. Subramanyam, John J. Wild. |
| 250 |
_a10th ed. _bMcGraw-Hill International edition. |
||
| 260 |
_aBoston : _bMcGraw-Hill Irwin, 2009 _cc2009. |
||
| 300 |
_a1v. : _bill. ; _c26 cm. |
||
| 500 | _aWild's name appears first on earlier editions. | ||
| 504 | _aIncludes bibliographical references and index. | ||
| 650 | 0 |
_aFinancial statements. _94982 |
|
| 653 |
_bBus _cNovember2012 |
||
| 700 | 1 |
_aWild, John J. _94983 |
|
| 942 |
_2ddc _cBB |
||
| 999 |
_c11586 _d11586 |
||